Pokoloruj flagę według największego miasta w tym regionie #2 - Statystyki

Ogólne statystyki
  • Ten quiz został rozwiązany 8 445 razy
  • Średni wynik to 10 z 20
Odpowiedzi na mapie
Odpowiedzi zakodowano w zielono-czerwonej skali na mapie do tego quizu, zgodnie z poniższymi procentami.
 
Statystyki odpowiedzi
Populacja Miasto % Poprawnych
14.2 m Londyn
96%
6.79 m Madryt
95%
1.59 m Oslo
92%
5.47 m Barcelona
91%
1.17 m Dublin
89%
5.92 m Toronto
66%
1.52 m Sewilla
63%
10.0 m Lima
60%
2.24 m Liverpool
52%
1.04 m Bilbao
50%
4.33 m Birmingham
44%
2.46 m Vancouver
40%
210 k Cork
35%
420 k Bergen
32%
79.9 k Galway
15%
778 k Winnipeg
14%
319 k Stavanger
12%
1.03 m Arequipa
6%
962 k Trujillo
5%
13.7 k Thompson
2%
Nie znaleziono quizów pasujących do podanych kryteriów
Rozkład punktacji
Procent ludzi z każdym wynikiem
Percentyl według liczby udzielonych odpowiedzi
Twoja historia wyników
Nie rozwiązałeś tego quizu